| 000 | 00455nam a2200169Ia 4500 | ||
|---|---|---|---|
| 999 |
_c29409 _d29409 |
||
| 003 | OSt | ||
| 005 | 20201119103047.0 | ||
| 008 | 190216s9999||||xx |||||||||||||| ||und|| | ||
| 040 | _coclc | ||
| 082 |
_a920 _bPRA/C |
||
| 100 |
_aPrasad, J R _96754 |
||
| 245 | 0 |
_aChithrangal A S / _cJ R Prasad |
|
| 260 |
_bCurrent Books, _aKozhikode; _c2001. |
||
| 300 | _a238p | ||
| 650 | _aAthmakadha | ||
| 942 |
_cBK _2ddc _h920 _iPRA/C _k920 _mPRA/C |
||